LEADER 01909nam0 22003493i 450 001 SBL0006540 005 20231121125812.0 100 $a20190218e19681802||||0itac50 ba 101 | $ager 102 $abe 181 1$6z01$ai $bxxxe 182 1$6z01$an 200 1 $aUber die verschiednen Methoden des Philosophirens und die verschiednen Systeme der Philosophie in Rucksicht ihrer allgemeinen Gultigkeit$eEine Beylage zum Organon$fvon Wilhelm Traugott Krug 205 $aImpr. anast 210 $aBruxelles$cCulture et Civilisation$d1968 215 $aXIII, 53 p.$d19 cm 225 | $aAetas kantiana$v159 300 $aRist. anast. dell'ed.: Meissen : bey K.F.W. Erbstein, 1802. 410 0$1001SBL0194895$12001 $aAetas kantiana$v159 606 $aKant, Immanuel$xPensiero filosofico$xSaggi$2FIR$3RMLC300283$9I 676 $a193$9Filosofia occidentale moderna. Germania e Austria.$v22 700 1$aKrug$b, Wilhelm Traugott$3SBLV003305$4070$0220514 801 3$aIT$bIT-01$c20190218 850 $aIT-FR0017 856 $uhttps://books.google.it/books?id=bdtDAAAAIAAJ&printsec=frontcover&hl=it&source=gbs_ge_summary_r&cad=0#v=onepage&q&f=false 899 0$aBiblioteca umanistica Giorgio Aprea$bFR0017 $eN$uhttps://books.google.it/books?id=bdtDAAAAIAAJ&printsec=frontcover&hl=it&source=gbs_ge_summary_r&cad=0#v=onepage&q&f=false 912 $aSBL0006540 950 0$aBiblioteca umanistica Giorgio Aprea$d 52AK 159$e 52MAG0000163325 VMB RS $fA $h20190218$i20190218 956 $a$b1$c $dS $e52MAG000016332$uhttps://books.google.it/books?id=bdtDAAAAIAAJ&printsec=frontcover&hl=it&source=gbs_ge_summary_r&cad=0#v=onepage&q&f=false$z 52AK 159 977 $a 52 996 $aÜber die verschiednen Methoden des Philosophirens und die verschiednen Systeme der Philosophie in Rücksicht ihrer allgemeinen Gültigkeit$9569166 997 $aUNICAS